00752cam a22002174a 4500008004100000020002200041245010100063260004500164300003300209440004400242500002000286504004100306650002900347650003000376650004900406700002800455700002400483003000100507005001700508040000900525  a0750672889 (hpk.)00aMitochondrial disorders in neurology 2 /cedited by Anthony H.V. Schapira and Salvatore DiMauro. aBoston :bButterworth-Heinemann,cc2002. axv, 304 p. :bill. ;c24 cm. 0aBlue books of practical neurology ;v26 aIncludes index. aIncludes bibliographical references. 0aMitochondrial pathology.12aMitochondrial Myopathies.22aNeurodegenerative Diseasesxphysiopathology.1 aSchapira, Anthony H. V.1 aDiMauro, Salvatore.20230120204156.0 cNUST